| 000 | 01144cam a22003375a 4500 | ||
|---|---|---|---|
| 001 | 15742450 | ||
| 005 | 20201128020816.0 | ||
| 008 | 090518t2008 si a frb 0001 eng d | ||
| 010 | _a 2009278262 | ||
| 020 | _a9789810679941 | ||
| 020 | _a9810679947 | ||
| 035 | _a(OCoLC)ocn173717649 | ||
| 040 |
_aUKM _beng _cUKM _dEG-ScBUE _dEG-ScBUE |
||
| 082 | 0 | 4 |
_a620.1123 _bHIB _222 |
| 100 | 1 |
_aHibbeler, R. C. _910021 |
|
| 245 | 1 | 0 |
_aMechanics of materials / _cR. C. Hibbeler ; SI Conversion by S. C. Fan. |
| 250 | _a7th ed. | ||
| 260 |
_aJurong : _bPrentice Hall / Pearson Education South Asia Pte., _cc.2008. |
||
| 300 |
_axvi, 909 p. : _bill. (chiefly col.) ; _c24 cm. |
||
| 500 | _aIndex : p. 897-909. | ||
| 500 | _aAccess to www.pearsoned-asia.com/hibbeler. | ||
| 504 | _aIncludes bibliographical references. | ||
| 650 | 7 |
_aMaterials. _2BUEsh _91256 |
|
| 650 | 0 |
_aStrength of materials. _2BUEsh _910669 |
|
| 650 | 0 |
_aStructural analysis (Engineering) _912763 _2BUEsh |
|
| 651 | _2BUEsh | ||
| 653 |
_bENGMEC _cAugust2015 _cFebruary2016 |
||
| 700 | 1 |
_aFan, S. C., _eeditor. |
|
| 856 | 4 | 2 | _uhttp://www.prenhall.com/hibbeler |
| 942 | _2ddc | ||
| 999 |
_c13697 _d13697 |
||